00563nam a2200169 a 450000100100000000500170001000800410002704000250006808200150009310000300010824500510013826000440018930000210023304900090025495201130026399900170037600003430720200930073630.0111003s2004 sp 000 0 spa d aDO-SdBNPbspacBNPHU axxxbS714a1 aGracía Godoy, F.95974010aAméricanismo literario /cF. García Godoy. aMadrid :bEdtorial- América,c[196?]. a248 p. ;c19 cm. aBNGR 001050718MOaGRbGRcCTd2011-10-03iLF1l0oxxx S714ap34307-10r2020-06-25w2020-06-25y1ZNo se presta c33798d33798